000 00285nam a2200121Ia 4500
008 241028s9999 xx 000 0 und d
041 _aeng
082 _a658.8 SHE
100 _aSheth
245 _aMarketing Theory
260 _bWiley India
_aNew Delhi
_c2022
300 _a264;. P. 27 cm
999 _c43035
_d43035